[Event "CCT Play-in Chessable Masters 2024"]
[Site "Online"]
[Date "2024.01.31"]
[Round "4"]
[White "Saric, Ivan"]
[Black "Melkumyan, Hrant"]
[Result "1/2-1/2"]
[WhiteElo "2689"]
[BlackElo "2640"]
[Annotator "TA"]
[PlyCount "130"]
[EventDate "2024.01.26"]
[EventType "swiss"]
[EventCountry "NET"]
[SourceTitle "playchess.com"]
[Source "ChessBase"]
[SourceQuality "1"]

1. Nf3 d5 2. g3 Bg4 3. Bg2 c6 4. O-O Nd7 5. c4 e6 6. d4 Ngf6 7. cxd5 cxd5 8. Nc3 Bd6 9. Qb3 Qb6 10. Bf4 Bxf4 11. Qxb6 Nxb6 12. gxf4 Bxf3 13. Bxf3 Ke7 14. Rfc1 Rhc8 15. b3 g6 16. a4 a5 17. Nb5 Ne8 18. e3 Nd6 19. Be2 Nd7 20. Nxd6 Kxd6 21. Bb5 Nf6 22. f3 h6 23. Kf2 g5 24. fxg5 hxg5 25. Bd3 Rh8 26. Kg3 Rh4 27. h3 Nh5+ 28. Kg2 Rh8 29. Rh1 f5 30. Rac1 Nf6 31. Rcg1 f4 32. e4 dxe4 33. Bxe4 Nxe4 34. fxe4 e5 35. dxe5+ Kxe5 36. Rd1 Rc8 37. Rd5+ Kxe4 38. Rhd1 Rc2+ 39. Kg1 Rxh3 40. R1d4+ Kf3 41. Rd3+ Kg4 42. Rxh3 Kxh3 43. Rxg5 Rb2 44. Rxa5 Rxb3 45. Rh5+ Kg3 46. Rg5+ Kf3 47. a5 Rb1+ 48. Kh2 Ke2 49. Re5+ Kf2 50. Rc5 f3 51. Rc2+ Ke3 52. Rc3+ Ke2 53. Rc2+ Kd3 54. Ra2 Rb3 55. Kg3 Ke3 56. a6 bxa6 57. Rxa6 Ke2 58. Ra2+ Ke3 59. Ra8 Ke2 60. Ra2+ Ke3 61. Ra8 Rb2 62. Ra3+ Ke2 63. Rxf3 Rd2 64. Rf2+ Ke3 65. Rxd2 Kxd2 1/2-1/2

[Event "CCT Play-in Chessable Masters 2024"]
[Site "Online"]
[Date "2024.01.31"]
[Round "4"]
[White "Svidler, Peter"]
[Black "Neiksans, Arturs"]
[Result "1-0"]
[WhiteElo "2689"]
[BlackElo "2588"]
[Annotator "TA"]
[PlyCount "45"]
[EventDate "2024.01.26"]
[EventType "swiss"]
[EventCountry "NET"]
[SourceTitle "playchess.com"]
[Source "ChessBase"]
[SourceQuality "1"]

1. c4 e5 2. g4 c6 3. Bg2 d5 4. cxd5 cxd5 5. d4 e4 6. Nc3 Nc6 7. f3 Bb4 8. fxe4 dxe4 9. d5 Qh4+ 10. Kf1 Qf6+ 11. Ke1 Bxg4 12. dxc6 Rd8 13. Qa4 Bxc3+ 14. bxc3 Qxc3+ 15. Kf2 bxc6 16. Qxe4+ Kf8 17. Qe3 Qf6+ 18. Nf3 Nh6 19. Ba3+ Kg8 20. Be7 Bxf3 21. Bxf6 Ng4+ 22. Kxf3 Nxe3 23. Bxd8 1-0

[Event "CCT Play-in Chessable Masters 2024"]
[Site "Online"]
[Date "2024.01.31"]
[Round "4"]
[White "Predke, Alexandr"]
[Black "Santos Latasa, Jaime"]
[Result "1/2-1/2"]
[WhiteElo "2668"]
[BlackElo "2615"]
[Annotator "TA"]
[PlyCount "46"]
[EventDate "2024.01.26"]
[EventType "swiss"]
[EventCountry "NET"]
[SourceTitle "playchess.com"]
[Source "ChessBase"]
[SourceQuality "1"]

1. d4 Nf6 2. c4 e6 3. Nf3 d5 4. Bg5 dxc4 5. Nc3 a6 6. a4 h6 7. Bxf6 Qxf6 8. e3 c5 9. Bxc4 cxd4 10. exd4 Bb4 11. O-O O-O 12. Ne4 Qe7 13. Ne5 Rd8 14. Qd3 Nc6 15. Nxc6 bxc6 16. Qe3 a5 17. Rad1 Ba6 18. b3 Bb7 19. Nc5 Rd6 20. Nd3 Bc3 21. Nc5 Bb4 22. Nd3 Bc3 23. Nc5 Bb4 1/2-1/2

[Event "CCT Play-in Chessable Masters 2024"]
[Site "Online"]
[Date "2024.01.31"]
[Round "4"]
[White "Volokitin, Andrei"]
[Black "Fressinet, Laurent"]
[Result "0-1"]
[WhiteElo "2663"]
[BlackElo "2637"]
[Annotator "TA"]
[PlyCount "84"]
[EventDate "2024.01.26"]
[EventType "swiss"]
[EventCountry "NET"]
[SourceTitle "playchess.com"]
[Source "ChessBase"]
[SourceQuality "1"]

1. e4 e5 2. Nf3 Nc6 3. Bc4 Nf6 4. d3 Bc5 5. O-O d6 6. c3 a5 7. Re1 O-O 8. h3 Be6 9. Bb5 Ba7 10. Be3 Bxe3 11. Rxe3 Ne7 12. d4 c6 13. Bf1 d5 14. Nxe5 Nxe4 15. Nd2 Nf5 16. Re2 Nfd6 17. Re3 f6 18. Nd3 Nxd2 19. Rxe6 N2e4 20. Nc5 Nxc5 21. dxc5 Ne4 22. Qd4 Re8 23. Rxe8+ Qxe8 24. c4 Qe5 25. Rd1 Rd8 26. cxd5 cxd5 27. Bc4 Qxd4 28. Rxd4 Nxc5 29. Rxd5 Rxd5 30. Bxd5+ Kf8 31. Kf1 Ke7 32. Ke2 Kd6 33. Bg8 h6 34. Ke3 Na4 35. b3 Nc3 36. a3 Kc5 37. Kf4 Nb5 38. Kf5 Nxa3 39. Kg6 b5 40. Kxg7 Nc4 41. Kxh6 a4 42. bxc4 b4 0-1

[Event "CCT Play-in Chessable Masters 2024"]
[Site "Online"]
[Date "2024.01.31"]
[Round "4"]
[White "jefferyx"]
[Black "Dedic8"]
[Result "1-0"]
[WhiteElo "2663"]
[BlackElo "2551"]
[Annotator "TA"]
[PlyCount "75"]
[EventDate "2024.01.26"]
[EventType "swiss"]
[EventCountry "NET"]
[SourceTitle "playchess.com"]
[Source "ChessBase"]
[SourceQuality "1"]

1. d4 Nf6 2. c4 e6 3. Nc3 d5 4. Bg5 Be7 5. e3 h6 6. Bh4 O-O 7. Rc1 b6 8. Nf3 Bb7 9. Bxf6 Bxf6 10. cxd5 exd5 11. b4 c5 12. bxc5 bxc5 13. dxc5 Qa5 14. Qd2 Qxc5 15. Ne4 Qe7 16. Nxf6+ Qxf6 17. Bb5 Qg6 18. Qd4 Nc6 19. Bxc6 Bxc6 20. O-O Bb5 21. Rfe1 Rfd8 22. a4 Be8 23. a5 a6 24. Rc5 Qe4 25. h3 Bb5 26. Rec1 Be2 27. Qxe4 dxe4 28. Nd4 Bd3 29. Rc7 Rd6 30. Rb7 Re8 31. Rc5 Red8 32. Nf5 R8d7 33. Nxd6 Rxd6 34. Rc8+ Kh7 35. Rxf7 Rd5 36. Rcc7 Rg5 37. g4 h5 38. Rf5 1-0

[Event "CCT Play-in Chessable Masters 2024"]
[Site "Online"]
[Date "2024.01.31"]
[Round "4"]
[White "Matlakov, Maxim"]
[Black "Sargissian, Gabriel"]
[Result "1/2-1/2"]
[WhiteElo "2662"]
[BlackElo "2672"]
[Annotator "TA"]
[PlyCount "45"]
[EventDate "2024.01.26"]
[EventType "swiss"]
[EventCountry "NET"]
[SourceTitle "playchess.com"]
[Source "ChessBase"]
[SourceQuality "1"]

1. d4 d5 2. c4 e6 3. Nf3 Nf6 4. g3 Be7 5. Bg2 O-O 6. O-O dxc4 7. Qc2 a6 8. a4 Bd7 9. Qxc4 Bc6 10. Bg5 Nbd7 11. Nc3 h6 12. Bxf6 Nxf6 13. a5 Qd6 14. e3 Rab8 15. Rfd1 Rfd8 16. Qe2 Bf8 17. h4 Qe7 18. e4 Qb4 19. Qc2 Rbc8 20. Bh3 Rb8 21. Bg2 Rbc8 22. Bh3 Rb8 23. Bg2 1/2-1/2

[Event "CCT Play-in Chessable Masters 2024"]
[Site "Online"]
[Date "2024.01.31"]
[Round "4"]
[White "Sadhwani, Raunak"]
[Black "BilodeauA"]
[Result "1/2-1/2"]
[WhiteElo "2654"]
[BlackElo "2588"]
[Annotator "TA"]
[PlyCount "101"]
[EventDate "2024.01.26"]
[EventType "swiss"]
[EventCountry "NET"]
[SourceTitle "playchess.com"]
[Source "ChessBase"]
[SourceQuality "1"]

1. e4 e5 2. Nf3 Nc6 3. Bb5 a6 4. Ba4 d6 5. c3 Bd7 6. O-O Nge7 7. d4 Ng6 8. Be3 Be7 9. Nbd2 O-O 10. Bc2 exd4 11. cxd4 Nb4 12. Bb1 Bb5 13. Re1 Nd3 14. Bxd3 Bxd3 15. Qb3 Bb5 16. a4 Bd7 17. Qxb7 Qb8 18. Qd5 c6 19. Qa2 Qb7 20. Rab1 Be6 21. b3 d5 22. Ng5 Bd7 23. Ngf3 Bb4 24. Ne5 Nxe5 25. dxe5 dxe4 26. Rbc1 Rfe8 27. Bf4 Bf5 28. Re3 Bxd2 29. Qxd2 Rad8 30. Qc2 h6 31. h3 Re6 32. Rc3 Kh7 33. Rxc6 Rxc6 34. Qxc6 Qxb3 35. Qxa6 Rd1+ 36. Rxd1 Qxd1+ 37. Kh2 Qd4 38. Kg1 Qd1+ 39. Kh2 Qd4 40. Bg3 e3 41. fxe3 Qxe3 42. Qf1 Kg6 43. a5 Qa3 44. Qe1 Qa2 45. Bf2 Kh7 46. Bb6 Be6 47. Qe4+ Kg8 48. Qa8+ Kh7 49. Qe4+ Kg8 50. Qa8+ Kh7 51. Qe4+ 1/2-1/2

[Event "CCT Play-in Chessable Masters 2024"]
[Site "Online"]
[Date "2024.01.31"]
[Round "4"]
[White "Malakhov, Vladimir"]
[Black "evgchess5"]
[Result "1/2-1/2"]
[WhiteElo "2648"]
[BlackElo "2698"]
[Annotator "TA"]
[PlyCount "76"]
[EventDate "2024.01.26"]
[EventType "swiss"]
[EventCountry "NET"]
[SourceTitle "playchess.com"]
[Source "ChessBase"]
[SourceQuality "1"]

1. Nf3 c5 2. e4 d6 3. Bb5+ Nd7 4. a4 Ngf6 5. Nc3 e6 6. O-O Be7 7. a5 a6 8. Bxd7+ Bxd7 9. e5 dxe5 10. Nxe5 O-O 11. b3 Nd5 12. Bb2 Nb4 13. d3 Nc6 14. Nxc6 Bxc6 15. Nb1 Bd6 16. Qg4 e5 17. Nd2 Bc7 18. Nc4 f6 19. Ba3 f5 20. Qe2 Qd5 21. f3 e4 22. fxe4 fxe4 23. dxe4 Qd4+ 24. Kh1 Qxe4 25. Rxf8+ Rxf8 26. Qxe4 Bxe4 27. Bxc5 Rf5 28. Bd6 Bd8 29. Bg3 Rd5 30. h3 h5 31. Re1 Bg6 32. h4 Kh7 33. Re2 Rd4 34. Bf2 Rd5 35. g3 Bxa5 36. Nxa5 Rxa5 37. Kg2 Rf5 38. Bd4 Rf7 1/2-1/2

[Event "CCT Play-in Chessable Masters 2024"]
[Site "Online"]
[Date "2024.01.31"]
[Round "4"]
[White "crescentmoon"]
[Black "Genghis_K"]
[Result "1/2-1/2"]
[WhiteElo "2646"]
[BlackElo "2514"]
[Annotator "TA"]
[PlyCount "102"]
[EventDate "2024.01.26"]
[EventType "swiss"]
[EventCountry "NET"]
[SourceTitle "playchess.com"]
[Source "ChessBase"]
[SourceQuality "1"]

1. d4 Nf6 2. c4 e6 3. Nf3 d5 4. g3 Bb4+ 5. Bd2 a5 6. Bg2 O-O 7. O-O dxc4 8. Qc2 Bxd2 9. Nbxd2 b5 10. a4 c6 11. b3 cxb3 12. Nxb3 Ba6 13. Ne5 bxa4 14. Nc5 Qxd4 15. Nxc6 Nxc6 16. Bxc6 Ra7 17. Rxa4 Qd6 18. Nxa6 Rxa6 19. Bf3 Rb8 20. Rfa1 Qd8 21. Qc4 Ra7 22. Qc5 Qb6 23. Qxb6 Rxb6 24. Rxa5 Rxa5 25. Rxa5 g6 26. Ra2 Kg7 27. e3 g5 28. h3 h6 29. Kg2 Nd7 30. Be2 Nc5 31. Rc2 Ne4 32. Bf3 Nd6 33. Be2 Kg6 34. Bf3 h5 35. Be2 f5 36. Rd2 g4 37. hxg4 hxg4 38. Bd3 Kf6 39. Kf1 Nf7 40. e4 Ne5 41. exf5 Rd6 42. Ke2 Nf3 43. Rd1 exf5 44. Kf1 Rd8 45. Be2 Rxd1+ 46. Bxd1 Nd2+ 47. Ke2 Ne4 48. Ke3 Ke5 49. Bxg4 fxg4 50. f3 gxf3 51. Kxf3 Nxg3 1/2-1/2

[Event "CCT Play-in Chessable Masters 2024"]
[Site "Online"]
[Date "2024.01.31"]
[Round "4"]
[White "Pichot, Alan"]
[Black "bardiya_Daneshvar"]
[Result "0-1"]
[WhiteElo "2644"]
[BlackElo "2567"]
[Annotator "RC"]
[PlyCount "160"]
[EventDate "2024.01.26"]
[EventType "swiss"]
[EventCountry "NET"]
[SourceTitle "playchess.com"]
[Source "ChessBase"]
[SourceQuality "1"]

1. e4 c5 2. Nf3 g6 3. d4 cxd4 4. Nxd4 Nc6 5. c4 Nf6 6. Nc3 d6 7. Be2 Nxd4 8. Qxd4 Bg7 9. Be3 O-O 10. Qd2 a5 11. Rc1 a4 12. f3 Be6 13. Nb5 Nd7 14. Nd4 Qa5 15. Qxa5 Rxa5 16. Nxe6 fxe6 17. Rc2 Ne5 18. a3 Nd7 19. O-O Rc8 20. f4 Kf7 21. Bg4 Bf6 22. f5 Nc5 23. fxe6+ Nxe6 24. c5 h5 25. Bh3 Rc7 26. e5 dxe5 27. g3 Nxc5 28. Bg2 b6 29. Rd1 Raa7 30. Rc4 e4 31. Rd2 Nb3 32. Rxc7 Rxc7 33. Rf2 Nc5 34. Rd2 Kg7 35. h3 Nb3 36. Re2 Bd4 37. Bxd4+ Nxd4 38. Rxe4 Rd7 39. Kf2 Kf6 40. Rf4+ Ke5 41. Re4+ Kf6 42. Rf4+ Kg7 43. g4 e5 44. Re4 Kf6 45. g5+ Kf5 46. h4 Rc7 47. Re3 Ke6 48. Bh3+ Kd6 49. Bg2 Rc2+ 50. Kf1 Rxb2 51. Be4 Rh2 52. Bxg6 Rxh4 53. Be4 Rf4+ 54. Ke1 Rg4 55. g6 h4 56. Kd2 Ke6 57. Kd3 Kf6 58. Re1 Ne6 59. Rf1+ Nf4+ 60. Kc4 Kg7 61. Kb5 Nxg6 62. Bc6 h3 63. Kxb6 h2 64. Rf2 Rh4 65. Bh1 Nf4 66. Kb5 Nd3 67. Rd2 e4 68. Bxe4 Rxe4 69. Rxh2 Kf6 70. Rd2 Rd4 71. Rc2 Ke5 72. Rc8 Ke4 73. Re8+ Kf3 74. Rf8+ Ke3 75. Re8+ Kd2 76. Rc8 Nb2 77. Rh8 Kc3 78. Rh3+ Rd3 79. Rh2 Kb3 80. Rh4 Kxa3 0-1

[Event "CCT Play-in Chessable Masters 2024"]
[Site "Online"]
[Date "2024.01.31"]
[Round "4"]
[White "Donchenko, Alexander"]
[Black "Safarli, Eltaj"]
[Result "1-0"]
[WhiteElo "2643"]
[BlackElo "2604"]
[Annotator "RC"]
[PlyCount "101"]
[EventDate "2024.01.26"]
[EventType "swiss"]
[EventCountry "NET"]
[SourceTitle "playchess.com"]
[Source "ChessBase"]
[SourceQuality "1"]

1. c4 c5 2. g3 g6 3. Bg2 Bg7 4. Nc3 Nc6 5. Nf3 d6 6. O-O e6 7. e3 Nge7 8. d4 O-O 9. Rb1 b6 10. b3 d5 11. Ba3 Ba6 12. Nb5 cxd4 13. exd4 dxc4 14. bxc4 Rc8 15. d5 exd5 16. cxd5 Qxd5 17. Nfd4 Qxa2 18. Nxc6 Nxc6 19. Bxf8 Bxf8 20. Ra1 Qb2 21. Bxc6 Bxb5 22. Bxb5 Qxb5 23. Rxa7 Qf5 24. Qd7 Qxd7 25. Rxd7 Rc2 26. Rfd1 Bc5 27. R1d2 Rc1+ 28. Kg2 Kf8 29. Rc7 Re1 30. Rd8+ Re8 31. Rxe8+ Kxe8 32. g4 Bd6 33. Rb7 Bc5 34. h3 Kf8 35. Kf3 Kg7 36. Ke2 h5 37. gxh5 gxh5 38. f3 Kg6 39. Kd3 f6 40. Ke4 Kg5 41. f4+ Kh4 42. Rh7 b5 43. Kf5 b4 44. Kxf6 b3 45. Rb7 b2 46. f5 Kxh3 47. Kg5 Bd4 48. f6 h4 49. f7 Bg7 50. Rb3+ Kg2 51. Kxh4 1-0

[Event "CCT Play-in Chessable Masters 2024"]
[Site "Online"]
[Date "2024.01.31"]
[Round "4"]
[White "Guseinov, Gadir"]
[Black "youngKID"]
[Result "1-0"]
[WhiteElo "2636"]
[BlackElo "2490"]
[Annotator "RC"]
[PlyCount "95"]
[EventDate "2024.01.26"]
[EventType "swiss"]
[EventCountry "NET"]
[SourceTitle "playchess.com"]
[Source "ChessBase"]
[SourceQuality "1"]

1. e4 c5 2. Nc3 a6 3. g3 b5 4. Bg2 Bb7 5. Nh3 e6 6. d3 Nf6 7. O-O d5 8. exd5 Nxd5 9. Ne4 Qd7 10. c4 Nf6 11. Nhg5 Nxe4 12. Nxe4 Nc6 13. Be3 Nd4 14. b4 cxb4 15. Bxd4 Qxd4 16. Nf6+ gxf6 17. Bxb7 Ra7 18. Bc6+ Ke7 19. cxb5 axb5 20. Bxb5 h5 21. Rc1 h4 22. Rc4 Qe5 23. Bc6 hxg3 24. hxg3 Qh5 25. Qxh5 Rxh5 26. Rxb4 Rc5 27. Bf3 f5 28. a4 Kf6 29. Rh4 Rc3 30. Rd1 Ra3 31. Bc6 Rc7 32. Rc4 Ra2 33. d4 Bd6 34. d5 e5 35. Rb1 e4 36. Rb8 Ke5 37. Re8+ Kf6 38. Ra8 Ke5 39. a5 Kf6 40. a6 e3 41. fxe3 Bxg3 42. Ra4 Bf2+ 43. Kf1 Rxa4 44. Bxa4 Bxe3 45. d6 Ra7 46. Rb8 Ke6 47. d7 Bg5 48. Bb5 1-0

[Event "CCT Play-in Chessable Masters 2024"]
[Site "Online"]
[Date "2024.01.31"]
[Round "4"]
[White "Gledura, Benjamin"]
[Black "Gavrilescu, David"]
[Result "1/2-1/2"]
[WhiteElo "2633"]
[BlackElo "2523"]
[Annotator "RC"]
[PlyCount "59"]
[EventDate "2024.01.26"]
[EventType "swiss"]
[EventCountry "NET"]
[SourceTitle "playchess.com"]
[Source "ChessBase"]
[SourceQuality "1"]

1. Nf3 d5 2. g3 Nf6 3. Bg2 e6 4. O-O Be7 5. d3 O-O 6. a4 c5 7. e4 dxe4 8. dxe4 Nxe4 9. Qe2 Nf6 10. Rd1 Qe8 11. Na3 Bd7 12. Nb5 Bxb5 13. axb5 Nbd7 14. Nd2 Qc8 15. Nc4 a6 16. b6 Re8 17. Bg5 h6 18. Bxf6 Nxf6 19. Na5 Rb8 20. Bxb7 Rxb7 21. Nxb7 Qxb7 22. Qxa6 Qf3 23. Rd3 Qf5 24. Qb5 Rb8 25. b7 Qe4 26. Ra7 Qe1+ 27. Kg2 Qe4+ 28. Kg1 Qe1+ 29. Kg2 Qe4+ 30. Kg1 1/2-1/2

[Event "CCT Play-in Chessable Masters 2024"]
[Site "Online"]
[Date "2024.01.31"]
[Round "4"]
[White "LastGladiator1"]
[Black "Zhu, Jiner"]
[Result "1/2-1/2"]
[WhiteElo "2631"]
[BlackElo "2467"]
[Annotator "RC"]
[PlyCount "87"]
[EventDate "2024.01.26"]
[EventType "swiss"]
[EventCountry "NET"]
[SourceTitle "playchess.com"]
[Source "ChessBase"]
[SourceQuality "1"]

1. d4 Nf6 2. Nf3 d5 3. Bf4 e6 4. e3 Bd6 5. Bg3 O-O 6. Nbd2 c5 7. c3 Qc7 8. Ne5 Nbd7 9. f4 Ne4 10. Nxe4 dxe4 11. Nc4 f5 12. Nxd6 Qxd6 13. Bc4 Nf6 14. O-O cxd4 15. Qxd4 Qxd4 16. cxd4 Bd7 17. a4 Rfc8 18. Rfc1 Nd5 19. Kf2 Rc6 20. Bxd5 exd5 21. Rxc6 Bxc6 22. Ke2 Rc8 23. Be1 Kf7 24. h3 Bd7 25. Bc3 h5 26. Kf2 a6 27. Kg3 g6 28. Kh4 Rc4 29. a5 Kf6 30. Rc1 Be6 31. Ra1 Bd7 32. Rg1 Be6 33. Re1 Bd7 34. Ra1 Be6 35. Ra3 Bd7 36. Rb3 Bb5 37. g4 hxg4 38. hxg4 Rc8 39. g5+ Ke6 40. Kg3 Rh8 41. Kg2 Kd7 42. Be1 Rc8 43. Rc3 Rxc3 44. Bxc3 1/2-1/2

[Event "CCT Play-in Chessable Masters 2024"]
[Site "Online"]
[Date "2024.01.31"]
[Round "4"]
[White "Bortnyk, Oleksandr"]
[Black "Raja Rithvik R"]
[Result "1-0"]
[WhiteElo "2625"]
[BlackElo "2522"]
[Annotator "RC"]
[PlyCount "53"]
[EventDate "2024.01.26"]
[EventType "swiss"]
[EventCountry "NET"]
[SourceTitle "playchess.com"]
[Source "ChessBase"]
[SourceQuality "1"]

1. e4 c5 2. c3 Nf6 3. e5 Nd5 4. d4 cxd4 5. Nf3 e6 6. cxd4 d6 7. Bc4 Be7 8. O-O O-O 9. Qe2 Nc6 10. Rd1 Bd7 11. Bd2 Rc8 12. Nc3 Ncb4 13. Ne4 dxe5 14. dxe5 Qb6 15. Rac1 Rfd8 16. a3 Na6 17. b4 Ba4 18. Re1 Nac7 19. Nfg5 h6 20. Qh5 Be8 21. Qh3 hxg5 22. Nxg5 Bxg5 23. Bxg5 Qd4 24. Bd3 g6 25. Rc4 Nf4 26. Qh6 Qxd3 27. Bf6 1-0

[Event "CCT Play-in Chessable Masters 2024"]
[Site "Online"]
[Date "2024.01.31"]
[Round "4"]
[White "Tari, Aryan"]
[Black "Zarnicki, Pablo"]
[Result "1-0"]
[WhiteElo "2623"]
[BlackElo "2514"]
[Annotator "RC"]
[PlyCount "85"]
[EventDate "2024.01.26"]
[EventType "swiss"]
[EventCountry "NET"]
[SourceTitle "playchess.com"]
[Source "ChessBase"]
[SourceQuality "1"]

1. e4 e5 2. Nf3 Nf6 3. Nc3 Nc6 4. a3 d5 5. Bb5 Nxe4 6. Qe2 Nxc3 7. Qxe5+ Qe7 8. dxc3 Bd7 9. Qxe7+ Bxe7 10. Bf4 O-O-O 11. h3 a6 12. Bd3 h6 13. O-O-O Bf6 14. g4 g5 15. Be3 Rhe8 16. Rdg1 Ne5 17. Nxe5 Bxe5 18. h4 f6 19. Bg6 Re7 20. hxg5 hxg5 21. Rh6 Be6 22. Bf5 Bxf5 23. gxf5 b6 24. a4 Rdd7 25. a5 b5 26. Bc5 Rh7 27. Rgh1 Rxh6 28. Rxh6 Kb7 29. Bd4 Rf7 30. Kd2 c6 31. Ke3 Kc7 32. Rh8 Kb7 33. Re8 Bd6 34. b4 Re7+ 35. Rxe7+ Bxe7 36. Kf3 c5 37. bxc5 Kc6 38. Kg4 Bxc5 39. Bxf6 b4 40. Bd4 Bf8 41. Kxg5 bxc3 42. Bxc3 Kb5 43. Kf6 1-0

[Event "CCT Play-in Chessable Masters 2024"]
[Site "Online"]
[Date "2024.01.31"]
[Round "4"]
[White "Banusz, Tamas"]
[Black "MikaelyanArman"]
[Result "1-0"]
[WhiteElo "2621"]
[BlackElo "2352"]
[Annotator "RC"]
[PlyCount "89"]
[EventDate "2024.01.26"]
[EventType "swiss"]
[EventCountry "NET"]
[SourceTitle "playchess.com"]
[Source "ChessBase"]
[SourceQuality "1"]

1. Nf3 Nf6 2. c4 g6 3. d4 Bg7 4. g3 O-O 5. Bg2 d6 6. Nc3 Nbd7 7. O-O e5 8. e4 exd4 9. Nxd4 Re8 10. h3 Nc5 11. Re1 Bd7 12. Kh2 a5 13. Rb1 h5 14. f3 h4 15. g4 Nh7 16. Be3 g5 17. Qd2 Be5+ 18. Kh1 c6 19. Nf5 Bxf5 20. exf5 Qf6 21. Re2 Re7 22. Rbe1 Rae8 23. Nd1 Bg3 24. Nf2 Qe5 25. Bf1 Qf6 26. b3 Be5 27. Bxc5 dxc5 28. Ne4 Qg7 29. Qxa5 Bd4 30. Nxc5 Rxe2 31. Rxe2 Rxe2 32. Bxe2 Qe5 33. Qd8+ Kg7 34. Ne4 Be3 35. Kg2 Qb2 36. Qd3 Qc1 37. Qc3+ Qxc3 38. Nxc3 Kf6 39. Ne4+ Ke5 40. c5 f6 41. b4 Nf8 42. a4 Nd7 43. a5 Kd4 44. Nd6 Bd2 45. Nxb7 1-0

[Event "CCT Play-in Chessable Masters 2024"]
[Site "Online"]
[Date "2024.01.31"]
[Round "4"]
[White "Paravyan, David"]
[Black "Keymer, Vincent"]
[Result "0-1"]
[WhiteElo "2612"]
[BlackElo "2743"]
[Annotator "TA"]
[PlyCount "116"]
[EventDate "2024.01.26"]
[EventType "swiss"]
[EventCountry "NET"]
[SourceTitle "playchess.com"]
[Source "ChessBase"]
[SourceQuality "1"]

1. e4 e5 2. Nf3 Nc6 3. Bb5 a6 4. Ba4 Nf6 5. O-O Be7 6. Re1 b5 7. Bb3 O-O 8. a4 b4 9. d4 d6 10. dxe5 Nxe5 11. Nbd2 a5 12. Nxe5 dxe5 13. Nf3 Qxd1 14. Rxd1 Bd6 15. Bg5 Nxe4 16. Bd5 Bf5 17. Nh4 Nxg5 18. Nxf5 Rad8 19. Ng3 e4 20. Nxe4 Nxe4 21. Bxe4 Be5 22. Rab1 Bxb2 23. Rd5 Rxd5 24. Bxd5 Rd8 25. Rd1 Rd6 26. Kf1 g6 27. Ke2 Kg7 28. f4 Rd7 29. Bc6 Re7+ 30. Kf3 Re6 31. Bb5 c5 32. Bc4 Re7 33. Rd2 h5 34. g3 Bc3 35. Re2 Rd7 36. h3 f5 37. g4 hxg4+ 38. hxg4 fxg4+ 39. Kxg4 Rd4 40. Bb5 Bd2 41. Re7+ Kf6 42. Rd7 Rxf4+ 43. Kg3 Rd4 44. Rxd4 cxd4 45. Bd3 g5 46. Kf3 Ke5 47. Bc4 Bf4 48. Bd3 Kd5 49. Kg4 Kc5 50. Kf3 b3 51. cxb3 Kb4 52. Bc4 Kc3 53. Ke4 Bd6 54. Be2 Bc5 55. Bc4 g4 56. Kf4 d3 57. Kxg4 d2 58. Be2 Kc2 0-1

[Event "CCT Play-in Chessable Masters 2024"]
[Site "Online"]
[Date "2024.01.31"]
[Round "4"]
[White "Hovhannisyan, Robert"]
[Black "Bharath Subramaniyam H"]
[Result "1-0"]
[WhiteElo "2611"]
[BlackElo "2515"]
[Annotator "RC"]
[PlyCount "121"]
[EventDate "2024.01.26"]
[EventType "swiss"]
[EventCountry "NET"]
[SourceTitle "playchess.com"]
[Source "ChessBase"]
[SourceQuality "1"]

1. e4 e5 2. Nf3 Nc6 3. Bb5 a6 4. Ba4 Nf6 5. O-O d6 6. Bxc6+ bxc6 7. Re1 Bg4 8. h3 Bh5 9. d4 Nd7 10. dxe5 Nxe5 11. g4 Nxf3+ 12. Qxf3 Bg6 13. Bf4 Be7 14. Nd2 h5 15. Rad1 Qc8 16. Nf1 Qe6 17. Ng3 hxg4 18. hxg4 O-O 19. Nf5 Bf6 20. b3 Rfe8 21. Kg2 Be5 22. Re3 f6 23. Bxe5 Qxe5 24. Qg3 Rad8 25. Qxe5 fxe5 26. f3 Bxf5 27. gxf5 Kf7 28. Rc3 c5 29. Kf2 Rh8 30. b4 Rh2+ 31. Ke3 c6 32. bxc5 d5 33. Rb3 d4+ 34. Kd3 Rf2 35. Rb7+ Kf8 36. Rh1 Rxf3+ 37. Ke2 Re3+ 38. Kd2 Kg8 39. Rg1 Rh3 40. Rbxg7+ Kh8 41. f6 Rh2+ 42. Kc1 Rh7 43. R7g5 Rf8 44. Rxe5 Rh6 45. Rf5 Rfxf6 46. Rxf6 Rxf6 47. Kd2 Kh7 48. Kd3 Rf2 49. a4 a5 50. Rg3 Kh6 51. Rg8 Rf3+ 52. Kxd4 Ra3 53. c4 Rxa4 54. Rc8 Kg7 55. Rxc6 Ra1 56. Ra6 Kf7 57. c6 Ke7 58. Kc5 a4 59. Ra8 Rh1 60. c7 Rh5+ 61. Kb4 1-0

[Event "CCT Play-in Chessable Masters 2024"]
[Site "Online"]
[Date "2024.01.31"]
[Round "4"]
[White "Karthik Venkataraman"]
[Black "Salgado Lopez, Ivan"]
[Result "1/2-1/2"]
[WhiteElo "2609"]
[BlackElo "2608"]
[Annotator "RC"]
[PlyCount "100"]
[EventDate "2024.01.26"]
[EventType "swiss"]
[EventCountry "NET"]
[SourceTitle "playchess.com"]
[Source "ChessBase"]
[SourceQuality "1"]

1. e4 e6 2. d4 d5 3. Nc3 Nf6 4. e5 Nfd7 5. f4 c5 6. Nf3 Nc6 7. Be3 Qb6 8. Na4 Qa5+ 9. c3 b6 10. Kf2 Ba6 11. h4 Bxf1 12. Rxf1 c4 13. b4 Qa6 14. h5 Be7 15. g3 f6 16. Kg2 O-O 17. Qc2 b5 18. Nc5 Bxc5 19. dxc5 Qb7 20. Bd4 a5 21. a3 fxe5 22. fxe5 Rxf3 23. Kxf3 Ndxe5+ 24. Kg2 Nd3 25. Kh2 e5 26. Bg1 h6 27. Qe2 Qd7 28. Qf3 e4 29. Qe2 Nce5 30. Bd4 Nf3+ 31. Rxf3 exf3 32. Qxf3 Rf8 33. Qe2 Qf7 34. Kg2 Re8 35. Qg4 Re4 36. Qc8+ Re8 37. Qg4 Re4 38. Qc8+ Kh7 39. Rf1 Ne1+ 40. Kg1 Nf3+ 41. Kg2 Re2+ 42. Rf2 Nxd4 43. Rxe2 Nxe2 44. c6 Nxc3 45. Qd7 Qxh5 46. c7 Qe2+ 47. Kg1 Qe1+ 48. Kg2 Qe2+ 49. Kg1 Qe1+ 50. Kg2 Qe2+ 1/2-1/2

[Event "CCT Play-in Chessable Masters 2024"]
[Site "Online"]
[Date "2024.01.31"]
[Round "4"]
[White "Sam_ChessMood"]
[Black "Mamedov, Rauf"]
[Result "1/2-1/2"]
[WhiteElo "2609"]
[BlackElo "2651"]
[Annotator "TA"]
[PlyCount "80"]
[EventDate "2024.01.26"]
[EventType "swiss"]
[EventCountry "NET"]
[SourceTitle "playchess.com"]
[Source "ChessBase"]
[SourceQuality "1"]

1. e4 c5 2. Nf3 d6 3. d4 cxd4 4. Nxd4 Nf6 5. Nc3 g6 6. Be3 Bg7 7. f3 Nc6 8. Qd2 O-O 9. O-O-O d5 10. exd5 Nxd5 11. Nxc6 bxc6 12. Bd4 Bxd4 13. Qxd4 Qb6 14. Na4 Qa5 15. b3 Qc7 16. Bc4 Rd8 17. g3 Bf5 18. Qc5 Qe5 19. Qd4 Qd6 20. Qc5 Qf6 21. Kb1 Nb6 22. Rhe1 e6 23. Nb2 Qc3 24. Qf2 g5 25. h4 gxh4 26. gxh4 Kh8 27. Bd3 Bxd3 28. Rxd3 Qf6 29. Qg3 Nd5 30. Qe5 Qxe5 31. Rxe5 Rg8 32. Nc4 Rg2 33. Nd6 Kg7 34. Kb2 h6 35. a3 Kf6 36. Re4 Ke7 37. Nf5+ Kf8 38. Nd6 Ke7 39. Nf5+ Kf8 40. Nd6 Ke7 1/2-1/2